The international status of the Suez Canal / (Record no. 4279)
[ view plain ]
| 000 -LEADER | |
|---|---|
| fixed length control field | 00756cam a22002651 4500 |
| 001 - CONTROL NUMBER | |
| control field | 4279 |
| 003 - CONTROL NUMBER IDENTIFIER | |
| rucl marc code | BD-RjUL |
| 005 - DATE AND TIME OF LATEST TRANSACTION | |
| control field | 20211208233850.0 |
| 008 - FIXED-LENGTH DATA ELEMENTS--GENERAL INFORMATION | |
| fixed length control field | 131222s1960 ne b 001 0 eng |
| 035 ## - SYSTEM CONTROL NUMBER | |
| System control number | (BD-RjUL)4314 |
| System control number | (OCoLC)2593755 |
| 040 ## - CATALOGING SOURCE | |
| Original cataloging agency | DLC |
| Transcribing agency | FU-L |
| Modifying agency | DLC |
| -- | BD-RjUL |
| Language of cataloging | eng |
| 041 ## - LANGUAGE CODE | |
| Language code of text/sound track or separate title | eng |
| 082 ## - DEWEY DECIMAL CLASSIFICATION NUMBER | |
| Classification number | 386.43 |
| Author mark and year | OBI |
| 100 2# - MAIN ENTRY--PERSONAL NAME | |
| Personal name | Obieta Chalbaud, José A. |
| 9 (RLIN) | 13553 |
| 245 14 - TITLE STATEMENT | |
| Title | The international status of the Suez Canal / |
| Statement of responsibility, etc. | With a foreword by Richard R. Baxter. |
| 260 ## - PUBLICATION, DISTRIBUTION, ETC. (IMPRINT) | |
| Place of publication, distribution, etc. | The Hague : |
| Name of publisher, distributor, etc. | Nijhoff, |
| Date of publication, distribution, etc. | c1960. |
| 300 ## - PHYSICAL DESCRIPTION | |
| Pagination | ix, 137 p. ; |
| Size | 25 cm. |
| 500 ## - GENERAL NOTE | |
| General note | Includes index. |
| 504 ## - BIBLIOGRAPHY, ETC. NOTE | |
| Bibliography, etc | Bibliography: p. [128]-131. |
| 651 #0 - SUBJECT ADDED ENTRY--GEOGRAPHIC NAME | |
| Geographic name | Suez Canal (Egypt) |
| 9 (RLIN) | 13554 |
| 942 ## - ADDED ENTRY ELEMENTS (KOHA) | |
| Source of classification or shelving scheme | Dewey Decimal Classification |
| Koha item type | Books |
| Lost status | Source of classification or shelving scheme | Damaged status | Not for loan | Collection code | Permanent Location | Current Location | Shelving location | Date acquired | Source of acquisition | Cost, normal purchase price | Total Checkouts | Full call number | Date last seen | Copy number | Koha item type |
|---|---|---|---|---|---|---|---|---|---|---|---|---|---|---|---|
| Dewey Decimal Classification | Not For Loan | Non-fiction | Central Library, University of Rajshahi | Central Library, University of Rajshahi | Reading Room | 22/11/1967 | Zeitlinger | 28.00 | 386.43 OBI 1960 | 22/12/2013 | C-1 | Books |